Nicolás Martínez Ortiz (Record no. 106545)

MARC details
000 -LEADER
campo de control de longitud fija 01154nam a2200289 i 4500
001 - NÚMERO DE CONTROL
campo de control 106545
003 - IDENTIFICADOR DE NÚMERO DE CONTROL
campo de control ES-MaACL
005 - FECHA Y HORA DE LA ÚLTIMA TRANSACCIÓN
campo de control 20250811101604.0
007 - CAMPO FIJO DE DESCRIPCIÓN FÍSICA--INFORMACIÓN GENERAL
campo de control de longitud fija t|
008 - DATOS DE LONGITUD FIJA--INFORMACIÓN GENERAL
campo de control de longitud fija 061129s1977 sp ||||1| spa d
080 ## - NÚMERO DE LA CLASIFICACIÓN DECIMAL UNIVERSAL
Número de la Clasificación Decimal Universal 75 Martínez Ortiz, Nicolás (083.82)
100 1# - ENTRADA PRINCIPAL--NOMBRE DE PERSONA
Nombre de persona Martínez Ortiz, Nicolás.
9 (RLIN) 78294
245 10 - MENCIÓN DEL TÍTULO
Título Nicolás Martínez Ortiz
Resto del título : exposición antológica (50 años de pintura: 1927-1977) : Ateneo de Madrid, Sala de Santa Catalina, enero 1977 /
Mención de responsabilidad, etc. [texto, A.M. Campoy].
260 ## - PUBLICACIÓN, DISTRIBUCIÓN, ETC.
Lugar de publicación, distribución, etc. Madrid :
Nombre del editor, distribuidor, etc. Ateneo de Madrid,
Fecha de publicación, distribución, etc. 1977.
300 ## - DESCRIPCIÓN FÍSICA
Extensión [16] p. :
Otras características físicas il. ;
Dimensiones 25 cm.
490 1# - MENCIÓN DE SERIE
Mención de serie Ateneo de Madrid. Sala de Santa Catalina ;
Designación de volumen o secuencia 18
600 14 - PUNTO DE ACCESO ADICIONAL DE MATERIA--NOMBRE DE PERSONA
Nombre de persona Martínez Ortiz, Nicolás-
Subdivisión de forma Exposiciones.
9 (RLIN) 78295
610 27 - PUNTO DE ACCESO ADICIONAL DE MATERIA--NOMBRE DE ENTIDAD CORPORATIVA
Nombre de entidad corporativa o nombre de jurisdicción como elemento de entrada Ateneo de Madrid-
Subdivisión de forma Exposiciones-
Subdivisión cronológica 1970-1979.
9 (RLIN) 1921
655 #7 - TERMINO DE INDIZACIÓN--GENERO/FORMA
Fuente del término tgfbne
9 (RLIN) 193628
Datos o término principal de género/forma Catálogos de exposiciones
700 1# - ENTRADA AGREGADA--NOMBRE PERSONAL
Nombre de persona Campoy, A. M.,
Fechas asociadas al nombre 1924-1993
9 (RLIN) 34292
710 2# - ENTRADA AGREGADA--NOMBRE DE ENTIDAD CORPORATIVA
Nombre de entidad corporativa o nombre de jurisdicción como elemento de entrada Ateneo de Madrid.
Unidad subordinada Sala de Santa Catalina.
9 (RLIN) 1964
830 10 - PUNTO DE ACCESO ADICIONAL DE SERIE-TÍTULO UNIFORME
Título uniforme Ateneo de Madrid.
Nombre de parte o sección de la obra Sala de Santa Catalina
Designación de volumen o secuencia 18
9 (RLIN) 185232
852 4# - LOCALIZACIÓN
Ubicación ES-MaACL
Número de control de estantería 2209-F-38 ;
852 4# - LOCALIZACIÓN
Ubicación ES-MaACL
Número de control de estantería 2342-F-17.
942 ## - ELEMENTOS DE ENTRADA SECUNDARIOS (KOHA)
Fuente del sistema de clasificación o colocación Clasificación decimal universal
Holdings
Estatus retirado Estado de pérdida Fuente del sistema de clasificación o colocación Estado de daño No para préstamo Colección Biblioteca de origen Biblioteca actual Ubicación en estantería Fecha de adquisición Total de préstamos Signatura topográfica completa Código de barras Visto por última vez Precio de reemplazo Tipo de ítem Koha
    Clasificación decimal universal     Colección de folletos Biblioteca del Ateneo de Madrid Biblioteca del Ateneo de Madrid Depósito folletos 20/04/2021   2342-F-17 1202536 23/02/2023 23/02/2023 Folleto
    Clasificación decimal universal     Colección de folletos Biblioteca del Ateneo de Madrid Biblioteca del Ateneo de Madrid Depósito folletos 17/01/2008   2209-F-38 1111217 23/02/2023 23/02/2023 Folleto